| 000 | 00406nam a22001577a 4500 | ||
|---|---|---|---|
| 005 | 20230415115847.0 | ||
| 008 | 160701b xxu||||| |||| 00| 0 eng d | ||
| 041 | _aeng | ||
| 082 | _b20345 | ||
| 100 |
_aSAI PRASAD, S.V. _97809 |
||
| 245 | _a AGRI-FACTS OBJECTIVE PLANT PROTECTION:for ARS/NET/JRF/SRF/UPSC/SAUs EXAM | ||
| 260 | _bNew vishal | ||
| 300 | _a552 | ||
| 650 |
_aAgriculture _97810 |
||
| 942 | _cBK | ||
| 999 |
_c5059 _d5057 |
||